000 00754nam a22002777a 4500
001 BR0303528
003 BR-BrBNA
005 20230928101333.0
007 ta
008 230509b bl.||||| |||| 00| 0 por d
040 _aBR-BrBNA
_bpor
_cBiblioteca Nacional de Agricultura
041 _a(Por)
072 _aE21
090 _ E21 BR0303528
100 1 _aEmpresa Brasileira de Pesquisa Agropecuária, Brasília, DF (Brazil)
245 1 _aPolítica de comunicação
250 1 _a2. ed.
260 3 _aBrasília, DF (Brasil):
_c2002.
300 _a99 p.
650 _aPOLÍTICA INDUSTRIAL
650 _aCOMUNICAÇÃO
650 _aAGRONEGÓCIO
650 _aADMINISTRAÇÃO DE EMPRESA
909 _a202309
_bLucia
_c55
_dLucia Elande
942 _cBK
999 _c65324
_d65324